00391nam a22001457a 4500003000400000005001700004008004100021040000800062082001500070100002000085245006300105260004400168300001100212650002200223OSt20181122130013.0181122b ||||| |||| 00| 0 eng d cDLC a228bC418F aCerullo, Morris a1,44,000 Forcefull Voices For Christ /cBy Morris Cerullo. aUSA :bMorris Cerullo World Evangelism, a28 p.: aVoices For Christ